Сравнительная геофизическая характеристика разрезов Ватинского нефтяного месторождения и месторождения Самотлор; Проблемы геологии и освоения недр; Т. 1

Detaylı Bibliyografya
Parent link:Проблемы геологии и освоения недр: труды XVIII Международного симпозиума имени академика М. А. Усова студентов и молодых ученых, Томск, 7-11 апреля 2014 г./ Национальный исследовательский Томский политехнический университет (ТПУ), Институт природных ресурсов (ИПР) ; Общество инженеров-нефтяников, международная некоммерческая организация, Студенческий чаптер ; под ред. А. Ю. Дмитриева.— , 2014
Т. 1.— [С. 388-390]
Yazar: Дорофеева И. А.
Müşterek Yazar: Национальный исследовательский Томский политехнический университет (ТПУ) Институт природных ресурсов (ИПР) Кафедра геофизики (ГЕОФ)
Diğer Yazarlar: Номоконова Г. Г. Галина Георгиевна (научный руководитель)
Özet:Заглавие с экрана
Dil:Rusça
Baskı/Yayın Bilgisi:
Seri Bilgileri:Геофизические методы исследования земли и поисков и разведки месторождений полезных ископаемых. Геоинформационные системы в геофизических исследованиях
Konular:
Online Erişim:http://earchive.tpu.ru/handle/11683/65875
http://www.lib.tpu.ru/fulltext/c/2014/C11/V1/182.pdf
Materyal Türü: MixedMaterials Elektronik Kitap Bölümü
KOHA link:https://koha.lib.tpu.ru/cgi-bin/koha/opac-detail.pl?biblionumber=608270

MARC

LEADER 00000naa2a2200000 4500
001 608270
005 20260319125706.0
035 |a (RuTPU)RU\TPU\conf\5700 
035 |a RU\TPU\conf\5698 
090 |a 608270 
100 |a 20140924d2014 k y0rusy50 ca 
101 0 |a rus 
102 |a RU 
135 |a drgn ---uucaa 
181 0 |a i  
182 0 |a b 
200 1 |a Сравнительная геофизическая характеристика разрезов Ватинского нефтяного месторождения и месторождения Самотлор  |f И. А. Дорофеева  |g науч. рук. Г. Г. Номоконова 
203 |a Текст  |c электронный 
225 1 |a Геофизические методы исследования земли и поисков и разведки месторождений полезных ископаемых. Геоинформационные системы в геофизических исследованиях 
300 |a Заглавие с экрана 
337 |a Adobe Reader 
461 1 |0 (RuTPU)RU\TPU\conf\5590  |t Проблемы геологии и освоения недр  |o труды XVIII Международного симпозиума имени академика М. А. Усова студентов и молодых ученых, Томск, 7-11 апреля 2014 г.  |o в 2 т.  |f Национальный исследовательский Томский политехнический университет (ТПУ), Институт природных ресурсов (ИПР) ; Общество инженеров-нефтяников, международная некоммерческая организация, Студенческий чаптер ; под ред. А. Ю. Дмитриева  |d 2014 
463 1 |0 (RuTPU)RU\TPU\conf\5592  |t Т. 1  |v [С. 388-390] 
610 1 |a труды учёных ТПУ 
610 1 |a электронный ресурс 
610 1 |a сравнительные характеристики 
610 1 |a геофизические характеристики 
610 1 |a Ватинское нефтяное месторождение 
610 1 |a Самотлорское нефтяное месторождение 
610 1 |a разрезы 
700 1 |a Дорофеева  |b И. А. 
702 1 |a Номоконова  |b Г. Г.  |c геолог  |c доцент Томского политехнического университета, кандидат геолого-минералогических наук  |f 1942-  |g Галина Георгиевна  |4 727 
712 0 2 |a Национальный исследовательский Томский политехнический университет (ТПУ)  |b Институт природных ресурсов (ИПР)  |b Кафедра геофизики (ГЕОФ)  |3 (RuTPU)RU\TPU\col\18667 
801 2 |a RU  |b 63413507  |c 20210915  |g RCR 
856 4 |u http://earchive.tpu.ru/handle/11683/65875 
856 4 |u http://www.lib.tpu.ru/fulltext/c/2014/C11/V1/182.pdf 
942 |c BK